The deming management method

Сохранить в:
Библиографические подробности
Главный автор: Walton, Mary
Формат:
Язык:Undetermined
Опубликовано: New York Dodd, Mead & Company 1986
Предметы:
Метки: Добавить метку
Нет меток, Требуется 1-ая метка записи!
Thư viện lưu trữ: Trung tâm Học liệu Trường Đại học Cần Thơ
LEADER 00437nam a2200169Ia 4500
001 CTU_79166
008 210402s9999 xx 000 0 und d
082 |a 658 
082 |b W241 
100 |a Walton, Mary 
245 4 |a The deming management method 
245 0 |c Mary Walton 
260 |a New York 
260 |b Dodd, Mead & Company 
260 |c 1986 
650 |a Management 
980 |a Trung tâm Học liệu Trường Đại học Cần Thơ